000 00784nam a2200241 a 4500
001 BRCA_8108
005 20190320210132.0
008 080414s1965----gw-a###f##---#000-0#ger-#
041 _ager
044 _agw
050 4 _aN6809
_b.B597
_c1965
100 1 _aBiller, Josef H.
_920185
245 1 0 _aBayerischer Barock
_bmit einer betrachtung über den bayerischen barock von Gerhard Woeckel
_cJosef H. Biller.
260 _aMunchen
_bBruckmann
_c1965
300 _a101 p.
_bil.
_c27 cm.
500 _aY160
546 _aTexto en alemán, inglés, francés e italiano
600 1 4 _aWoeckel, Gerhard
_920186
650 1 4 _aArte barroco
_vResumen y notas
_zBavaria (Alemania)
_920187
650 1 4 _aArte barroco
_vPresentación
_zBavaria (Alemania)
_920188
902 _aGFM
942 _2lcc
_cB
999 _c7776
_d7776